=LDR 00000nam 2200000 4500 =001 INLIS000000000061437 =005 20221017020538 =035 ##$$a 0010-1022000178 =007 ta =008 221017###########################0###### =020 ##$$a 978-623-6087-59-6 =082 ##$$a 899. 221 =084 ##$$a 899. 221 NUR p =100 #$$a Nurfadillah =245 1#$$a Persahabatan Tak Terduga /$c Nurfadillah =260 ##$$a Mataram :$b Novelindo Publishing,$c 2021 =300 ##$$a 336 halaman ; $c 20 cm =650 #4$$a Fiksi Indonesia =990 ##$$a 24542454 =990 ##$$a 373/51/2022